000 00387cam a2200157ua 4500
041 _aeng
_h
082 _a632.7
_bROS/TE
100 _aRoss, Herbert.H .
245 _aText book of entomology /
_cH.Herbert Ross.
_hTextual Documents
250 _a2 /
_b.
260 _aNew York :
_bJohn Wiley & Sons ,
_c1956.
300 _a519 ; .
504 _a
942 _cBK
999 _c1506
_d1506